|
|
|
|
| LEADER |
00000nam0a2200000 4500 |
| 001 |
332527 |
| 005 |
20231102004450.0 |
| 035 |
|
|
|a (RuTPU)RU\TPU\book\358473
|
| 090 |
|
|
|a 332527
|
| 100 |
|
|
|a 20170525d1963 km y0rusy50 ca
|
| 101 |
0 |
|
|a rus
|
| 102 |
|
|
|a RU
|
| 105 |
|
|
|a a z 001zy
|
| 200 |
1 |
|
|a Совершенствование техники и технологии бурения
|f О. П. Молдавский, Г. Н. Маркушин, Л. П. Поляков, В. Д. Разуваев
|
| 210 |
|
|
|a Саратов
|c Облполиграфиздат
|d 1963
|
| 215 |
|
|
|a 83 с.
|c ил.
|
| 320 |
|
|
|a Библиогр.: с. 82
|
| 606 |
1 |
|
|a Бурение
|x Оптимизация
|2 stltpush
|3 (RuTPU)RU\TPU\subj\30235
|9 53367
|
| 610 |
1 |
|
|a техника
|
| 610 |
1 |
|
|a технология
|
| 610 |
1 |
|
|a буровые долота
|
| 610 |
1 |
|
|a нагрузки
|
| 610 |
1 |
|
|a промышленные испытания
|
| 610 |
1 |
|
|a обсадные колонны
|
| 610 |
1 |
|
|a турбобуры
|
| 610 |
1 |
|
|a поглощения
|
| 610 |
1 |
|
|a изоляция
|
| 610 |
1 |
|
|a забойные смесители
|
| 675 |
|
|
|a 622.24
|v 4
|
| 701 |
|
1 |
|a Молдавский
|b О. П.
|g Олег Петрович
|
| 701 |
|
1 |
|a Маркушин
|b Г. Н.
|g Геннадий Николаевич
|
| 701 |
|
1 |
|a Поляков
|b Л. П.
|g Лев Петрович
|
| 701 |
|
1 |
|a Разуваев
|b В. Д.
|g Владимир Дмитриевич
|
| 801 |
|
1 |
|a RU
|b 63413507
|c 20170525
|
| 801 |
|
2 |
|a RU
|b 63413507
|c 20201123
|g RCR
|
| 942 |
|
|
|c BK
|